Dissemination of consumer law and policy in Africa, Asia, the Americas, and Australia (Record no. 509135)

000 -LEADER
fixed length control field 00461nam a22001457a 4500
008 - FIXED-LENGTH DATA ELEMENTS--GENERAL INFORMATION
fixed length control field 190424b ||||| |||| 00| 0 eng d
100 ## - MAIN ENTRY--PERSONAL NAME
Personal name MIcklitz, Hans W. et al
245 ## - TITLE STATEMENT
Title Dissemination of consumer law and policy in Africa, Asia, the Americas, and Australia
260 ## - PUBLICATION, DISTRIBUTION, ETC. (IMPRINT)
Date of publication, distribution, etc 2018
300 ## - PHYSICAL DESCRIPTION
Extent p.303-307.
650 ## - SUBJECT ADDED ENTRY--TOPICAL TERM
Topical term or geographic name as entry element Consumer law
9 (RLIN) 4726
773 ## - HOST ITEM ENTRY
Main entry heading Journal of Consumer Policy
906 ## - LOCAL DATA ELEMENT F, LDF (RLIN)
Subject DIP Consumer protection - Law and legislation
942 ## - ADDED ENTRY ELEMENTS (KOHA)
Item type Articles
Holdings
Withdrawn status Lost status Source of classification or shelving scheme Damaged status Not for loan Permanent location Current location Date acquired Serial Enumeration / chronology Barcode Date last seen Koha item type
          Indian Institute of Public Administration Indian Institute of Public Administration 2019-04-24 41(4), Dec, 2018: p.303-307. AR119479 2019-04-24 Articles

Powered by Koha